Revista do Tribunal de Contas do Estado de Só Paulo

Detalles Bibliográficos
Autor Corporativo: Só Paulo (Brazil : State). Tribunal de Contas
Formato: Desconocido
Lenguaje:portugués
Publicado: Só Paulo : [Tribunal de Contas]
Materias:
Acceso en línea:Acceso restringido

MARC

LEADER 00000ny a22000003n 4500
005 20110510143413.0
008 100412c19879999bl zx wg s0 b0por
035 |a 2515 
040 |a DLC  |c DLC  |d vLex 
090 |c 1579  |d 1579 
110 1 |a Só Paulo (Brazil : State).  |b Tribunal de Contas 
245 3 0 |a Revista do Tribunal de Contas do Estado de Só Paulo  |h [Recurso electrn̤ico] 
256 |a Servicio en ln̕ea 
260 |a Só Paulo :  |b [Tribunal de Contas] 
310 |a Irregular 
650 0 4 |a Finanzas pb︢licas  |z Brasil  |x Publicaciones perid̤icas 
650 0 4 |a Jurisprudencia  |x Publicaciones perid̤icas 
740 0 |a vLex Revista (Servicios en ln̕ea) 
843 |a Electrn̤ica. Abierta 
853 |8 1  |i (year)  |j (month)  |k (day) 
856 4 0 |z Acceso restringido  |u http://vlex.com/account/login_ip?fuente_id=2515  
942 |c REV 
999 0 |a Finance, Public  |z Brazil  |z Só Paulo (State)  |v Cases. 
999 0 |a Finance, Public  |z Brazil  |z Só Paulo (State)  |v Periodicals.